Sports Quiz

Random Sports or State Quiz

FA Premier League all-time stats leaders Quiz Stats

 Plays Quiz not verified by Sporcle

Challenge
Share
Tweet
Embed
Score 0/110 Timer 15:00
0 Plays Today
Category Player % Correct
AppearancesAlan Shearer
96.8%
GoalsAlan Shearer
96.8%
AppearancesRyan Giggs
96.1%
GoalsRyan Giggs
96.1%
AssistsRyan Giggs
96.1%
AppearancesPaul Scholes
92.6%
GoalsPaul Scholes
92.6%
Yellow CardsPaul Scholes
92.6%
AppearancesFrank Lampard
91.4%
GoalsFrank Lampard
91.4%
AssistsFrank Lampard
91.4%
AppearancesAndrew Cole
91.1%
GoalsAndrew Cole
91.1%
Red CardsAndrew Cole
91.1%
GoalsThierry Henry
89.9%
AssistsThierry Henry
89.9%
AssistsSteven Gerrard
88%
Red CardsSteven Gerrard
88%
GoalsWayne Rooney
87.5%
AssistsWayne Rooney
87.5%
Red CardsRoy Keane
85.2%
Yellow CardsRoy Keane
85.2%
GoalsRobbie Keane
84.8%
AppearancesRio Ferdinand
84.2%
GoalsLes Ferdinand
84.1%
GoalsMichael Owen
81.3%
GoalsRobbie Fowler
78.4%
AppearancesGary Neville
76.4%
AppearancesPhil Neville
76.3%
Yellow CardsPhil Neville
76.3%
AppearancesTeddy Sheringham
75.7%
GoalsTeddy Sheringham
75.7%
GoalsDwight Yorke
74.8%
AppearancesDavid James
74.5%
Red CardsPatrick Vieira
69.9%
Yellow CardsPatrick Vieira
69.9%
AppearancesJamie Carragher
67.4%
Category Player % Correct
AppearancesGary Speed
67.3%
Yellow CardsGary Speed
67.3%
AssistsDidier Drogba
66.4%
GoalsIan Wright
66.4%
GoalsJermain Defoe
64.3%
AssistsDennis Bergkamp
64.1%
AssistsCristiano Ronaldo
62.2%
AppearancesEmile Heskey
57.3%
GoalsEmile Heskey
57.3%
AppearancesNicky Butt
56.7%
Red CardsNicky Butt
56.7%
Yellow CardsNicky Butt
56.7%
GoalsMatt Le Tissier
56.2%
GoalsJimmy Floyd Hasselbaink
55.5%
GoalsNicolas Anelka
54.7%
AssistsNicolas Anelka
54.7%
AppearancesSol Campbell
54.5%
Red CardsAlan Smith
53.1%
Yellow CardsAlan Smith
53.1%
Red CardsRichard Dunne
53%
Yellow CardsRichard Dunne
53%
Red CardsVinnie Jones
52.3%
AssistsKevin Davies
52.1%
Yellow CardsKevin Davies
52.1%
Red CardsEric Cantona
50.6%
AppearancesGareth Barry
50.4%
AssistsGareth Barry
50.4%
Yellow CardsGareth Barry
50.4%
AssistsCesc Fabregas
49.6%
Red CardsMartin Keown
49.4%
GoalsDion Dublin
49.2%
Red CardsDuncan Ferguson
49%
AssistsPeter Crouch
44.7%
Red CardsLee Bowyer
42.1%
Yellow CardsLee Bowyer
42.1%
Yellow CardsRobbie Savage
37.7%
Yellow CardsMark Hughes
37.1%
Category Player % Correct
Yellow CardsPaul Ince
36.7%
Yellow CardsDennis Wise
32.9%
Red CardsDennis Wise
32.9%
AppearancesShay Given
31.9%
AssistsAshley Young
30.4%
Yellow CardsRay Parlour
30.4%
AssistsJames Milner
30.3%
AppearancesMark Schwarzer
28.9%
Red CardsDavid Batty
28.1%
Yellow CardsScott Parker
27.5%
AssistsDimitar Berbatov
26.4%
AssistsDanny Murphy
25.2%
AppearancesGareth Southgate
22.5%
AssistsNolberto Solano
16.8%
Yellow CardsFrank Sinclair
16.3%
Red CardsFrank Sinclair
16.3%
Red CardsJohn Hartson
13.4%
AppearancesGeorge Boateng
10.5%
Red CardsGeorge Boateng
10.5%
Yellow CardsGeorge Boateng
10.5%
Red CardsUgo Ehiogu
10.2%
Yellow CardsDanny Mills
8.8%
AssistsMorten Gamst Pedersen
8.6%
AssistsSteed Malbranque
8.1%
Red CardsJason Wilcox
7.1%
Red CardsLuis Boa Morte
6.6%
Red CardsTugay Kerimoglu
6.6%
Red CardsFrank Leboeuf
5.6%
Red CardsFrancis Benali
5.6%
Red CardsCarlton Palmer
4.1%
Yellow CardsLucas Neill
3.6%
Red CardsSteve Lomas
3.5%
Red CardsFranck Queudrue
3.4%
Red CardsDon Hutchison
3%
Yellow CardsGavin McCann
2.8%
Yellow CardsJohn Moncur
2.5%

You're not logged in!

Compare scores with friends on all Sporcle quizzes.
OR
Log In

You Might Also Like...

Show Comments

Extras

Top Quizzes Today


Score Distribution

Your Account Isn't Verified!

In order to create a playlist on Sporcle, you need to verify the email address you used during registration. Go to your Sporcle Settings to finish the process.

Report this User

Report this user for behavior that violates our Community Guidelines.

Details: